000 00499nam a2200181Ia 4500
001 9508
005 20260306161723.0
008 260306t2014||||xx |||||||||||||| ||spa||
041 _aESP
082 _a379.85
_bK73
100 _aKogan, Liuba
_eAUT
245 0 _aDiscriminas o te discriminan?:
_bun análisis de las percepciones de universitarios de cuatro ciudades del Perú
260 _c2014
300 _a111 páginas :
_c21 cm.
650 _aGEN
654 _aCED
942 _cLIB
_dJUS
_fJUS
_2ddc
_n
999 _c9508
_d9508